000 00662nam a2200241 i 4500
001 C2-0132355
003 PPAK
005 20180727122857.0
008 971022s1992 nyua|||| ||||| | eng d
020 _a0027937313
040 _aPPAK
_beng
_cPPAK
_erda
082 0 4 _a823
_223
090 0 0 _a823
_bZIM
_dK
100 1 _aZimelman, Nathan,
_eauthor
245 1 4 _aThe great adventure of Wo Ti
264 1 _aNew York :
_bMacmillan ,
_c1992
300 _a[30 pages] :
_bcolour illustrations ;
_c26 cm
336 _2rdacontent
_atext
337 _2rdamedia
_aunmediated
338 _2rdacarrier
_avolume
650 1 0 _aChildren's stories, English
942 _ddc
_cB
999 _c41376
_d41376